La donna omosessuale /

Sparad:
Bibliografiska uppgifter
Huvudupphov: Monti, M. (omonimi non identificati) (Författare, medförfattare), Bini, A. (divulgatore medico) (Författare, medförfattare)
Materialtyp: Bok
Språk:italienska
Utgiven: Milano : Rialta, 1968
Serie:I quaderni della salute ; 8
Ämnen:
Taggar: Lägg till en tagg
Inga taggar, Lägg till första taggen!

MARC

LEADER 00000nam a22000007i 4500
001 IT\ICCU\SBL\0552223
003 ItRI
005 20260115143535.0
008 910930s1968 it |||||| ||||| |||||c
015 |2 IT  |a 682162 
040 |b ita  |c Arcigay Viterbo 
041 7 |a ita  |2 ISO-639-2 
082 |a 157.73  |2 16 
082 |a 157.73  |2 17 
100 1 |a Monti, M.  |c  (omonimi non identificati)  |0 IT\ICCU\SBLV\215116  |4 aut 
245 1 3 |a La donna omosessuale /  |c M. Monti, A. Bini. 
260 |a Milano :  |b Rialta,  |c 1968 
300 |a 162 p. ;  |c 19 cm. 
650 7 |a Omosessualità femminile 
700 1 |a Bini, A.  |c  (divulgatore medico)  |0 IT\ICCU\RT1V\042350  |4 aut 
830 2 |a I quaderni della salute ;  |v 8  |0 IT\ICCU\SBL\0074404 
942 |2 ddc  |c BK  |n 0 
952 |0 0  |1 0  |2 ddc  |4 0  |6 306_766000000000000_MON_DON  |7 0  |9 10102  |a VT  |b VT  |d 2026-01-15  |e Acquisto Arcigay Viterbo  |i B592  |l 0  |o 306.766 MON DON  |p B592  |r 2026-01-15 14:37:34  |w 2026-01-15  |y BK  |z Acquisto Arcigay Viterbo 
981 1 |6 z01  |a i   |b xxxe  
982 1 |6 z01  |a n 
999 |c 8418  |d 8418